| 000 | 01466nam a2200361 a 4500 | ||
|---|---|---|---|
| 001 | BRCA_1180 | ||
| 005 | 20190320203322.0 | ||
| 008 | 930408s1993 mx-a---##b---#000-0dspa-# | ||
| 020 | _a9687009381 | ||
| 040 |
_aDLC _cDLC _dDLC |
||
| 050 | 4 |
_aND1432 _b.A76 1993 |
|
| 100 | 1 |
_aArmella de Aspe, Virginia _92324 |
|
| 245 | 1 | 0 |
_aTreasures the Pinacoteca Virreinal _cVirginia Armella de Aspe, Mercedes Meade de Angulo ; traducción Ma. de los Ángeles Pérez Cue, Jeffrey Seefeldt. |
| 250 | _a2 | ||
| 260 |
_aMéxico _bFomento Cultural Banamex _c1993 |
||
| 300 |
_a259 p. _bil. a color _c32 cm. |
||
| 500 | _aApéndice 1. Artículos de incorporación de los pintores. Academia Nueva España | ||
| 504 | _aBibliografía: p. 241-242. | ||
| 610 | 2 | 4 |
_aPinacoteca Virreinal de San Diego (México) _93892 |
| 650 | 1 | 4 |
_aPintura mexicana _vCatálogos _93411 |
| 650 | 1 | 4 |
_aPintura colonial _vCatálogos _zMéxico _93412 |
| 650 | 1 | 4 |
_aArte cristiano y simbolismo _vCatálogos _zMéxico _9380 |
| 650 | 1 | 4 |
_aPintura española _vCatálogos _93731 |
| 650 | 1 | 4 |
_aPintura barroca _xCatálogos _zEspaña _93893 |
| 650 | 1 | 4 |
_aPintores _vCatálogos _zMéxico _93894 |
| 650 | 1 | 4 |
_aPintores _xBiografía _zMéxico _93895 |
| 650 | 1 | 4 |
_aPintores _xBiografía _zEspaña _93896 |
| 700 | 1 |
_aMeade de Angulo, Mercedes _9281 |
|
| 700 | 1 |
_aPérez Cue, Ma. de los Ángeles _93897 |
|
| 700 | 1 |
_aSeefeldt, Jeffrey _93898 |
|
| 710 | 2 |
_aPinacoteca Virreinal de San Diego (México) _93892 |
|
| 942 |
_2lcc _cB |
||
| 999 |
_c1057 _d1057 |
||